NBA MVPs teammates (2000 - now) - Statistics

General Stats
  • This quiz has been taken 159 times
    40 since last reset
  • The average score is 49 of 85
Answer Stats
Giannis Antetokounmpo % Correct
Jamal Murray
100%
Jalen Williams
96%
Mo Williams
96%
Aaron Gordon
93%
Chet Holmgren
93%
Delonte West
93%
Russell Westbrook
93%
A.C. Green
89%
Brook Lopez
89%
Chris Paul
89%
Draymond Green
89%
Jeff Green
89%
K. Caldwell-Pope
89%
Anthony Parker
86%
Chris Bosh
86%
Dwyane Wade
86%
Luguentz Dort
86%
Tony Parker
86%
Tyrese Maxey
86%
Khris Middleton
82%
Klay Thompson
82%
David Robinson
79%
Derek Fisher
79%
Isaiah Hartenstein
79%
Joakim Noah
79%
Kobe Bryant
79%
Pau Gasol
79%
Andrew Bogut
75%
James Harden
75%
Mario Chalmers
75%
Michael Porter Jr.
75%
Serge Ibaka
71%
Trevor Ariza
71%
Amar'e Stoudemire
68%
Clint Capela
68%
Shawn Marion
68%
Steven Adams
68%
Zydrunas Ilgauskas
68%
Harrison Barnes
61%
Luol Deng
61%
Shaquille O'Neal
61%
Carlos Boozer
57%
Devin Harris
57%
Eric Bledsoe
57%
Jason Terry
57%
Tobias Harris
57%
Ervin Johnson
54%
Joe Johnson
54%
Kendrick Perkins
54%
Sam Cassell
54%
Stephen Jackson
54%
Lamar Odom
50%
P.J. Tucker
50%
Bruce Bowen
43%
Tyrone Hill
43%
Glen Rice
39%
Josh Howard
39%
Ryan Anderson
39%
Thabo Sefolosha
39%
Udonis Haslem
39%
Andre Roberson
36%
Joel Anthony
36%
Ron Harper
36%
Eric Snow
32%
Paul Millsap
32%
Ben Wallace
29%
Latrell Sprewell
29%
Malcolm Brogdon
29%
Monte Morris
29%
Quentin Richardson
29%
Steve Smith
29%
Victor Oladipo
29%
Boris Diaw
25%
Theo Ratliff
25%
Wesley Matthews
25%
Will Barton
25%
Erick Dampier
18%
Keith Bogans
18%
Kurt Thomas
18%
Raja Bell
18%
Trenton Hassell
18%
Domantas Sabonis
14%
J.J. Hickson
14%
Vladimir Radmanović
11%
George Lynch
7%
No matching quizzes found
Score Distribution
Percent of People with Each Score
Percentile by Number Answered
Your Score History
You have not taken this quiz since the last reset